Basic Buddhist concepts /
One of the world's oldest and greatest religions, Buddhism -- like its companions, Christianity and Islam -- has experienced schism and division which scatter its teachings among separate sects, nations and sets of ritual practice. Nonetheless, it is possible to identify common teachings which...
| Main Author: | |
|---|---|
| Other Authors: | , |
| Format: | Book |
| Language: | English |
| Language Notes: | Translation of: Bukkyō to wa nani ka. |
| Published: |
Tokyo :
Kosei Pub. Co.,
1987.
|
| Edition: | 1st English ed. |
| Subjects: | |
| Online Access: | Contributor biographical information Publisher description |
MARC
| Tag | First Indicator | Second Indicator | Subfields |
|---|---|---|---|
| LEADER | 00000cam a2200000 a 4500 | ||
| 001 | in00000034289 | ||
| 005 | 20240503181806.0 | ||
| 008 | 871231s1987 ja 001 0 eng | ||
| 010 | |a 87670046 | ||
| 019 | |a 18259909 |a 247798307 | ||
| 020 | |a 4333012031 | ||
| 020 | |a 9784333012039 | ||
| 029 | 1 | |a AU@ |b 000005948827 | |
| 029 | 1 | |a AU@ |b 000021803143 | |
| 029 | 1 | |a DEBBG |b BV010037130 | |
| 029 | 1 | |a HEBIS |b 094096554 | |
| 029 | 1 | |a NZ1 |b 3913348 | |
| 029 | 1 | |a GBVCP |b 308392191 | |
| 035 | |a (OCoLC)ocm18008851 | ||
| 035 | |a (OCoLC)18008851 |z (OCoLC)18259909 |z (OCoLC)247798307 | ||
| 035 | |a (OCoLC)ocm18008851 | ||
| 040 | |a DLC |b eng |c DLC |d BAKER |d BTCTA |d YDXCP |d IBS |d DEBBG |d NHN |d BDX |d OCLCO |d OCLCF |d OCLCQ |d GBVCP |d QQ3 |d OCLCO |d OCLCA |d IL4J6 |d OCLCO |d YBM |d OCLCO |d OCLCL | ||
| 041 | 1 | |a eng |h jpn | |
| 050 | 0 | 0 | |a BQ4136 |b .M613 1987 |
| 082 | 0 | 0 | |a 294.3/42 |2 19 |
| 084 | |a BE 8530 |2 rvk | ||
| 100 | 1 | |a Mizuno, Kōgen, |d 1901-2006. |1 https://id.oclc.org/worldcat/entity/E39PBJcr7Hmf6jVHRgJyQXHwG3 | |
| 240 | 1 | 0 | |a Bukkyō to wa nani ka. |l English |
| 245 | 1 | 0 | |a Basic Buddhist concepts / |c Kogen Mizuno ; translated by Charles S. Terry and Richard L. Gage. |
| 250 | |a 1st English ed. | ||
| 260 | |a Tokyo : |b Kosei Pub. Co., |c 1987. | ||
| 300 | |a 175 pages ; |c 21 cm | ||
| 336 | |a text |b txt |2 rdacontent | ||
| 337 | |a unmediated |b n |2 rdamedia | ||
| 338 | |a volume |b nc |2 rdacarrier | ||
| 546 | |a Translation of: Bukkyō to wa nani ka. | ||
| 504 | |a Includes index. | ||
| 505 | 0 | |a The historical context. Primitive Buddhism -- Sectarian Buddhism -- Early Mahayana Buddhism -- Middle-period Mahayana Buddhism -- Late Mahayana Buddhism. | |
| 505 | 0 | |a The fundamentals of Shakyamuni's philosophy. The three treasures -- Buddhism as philosophy -- The seals of the law -- Views of humankind and fate -- Causation. | |
| 505 | 0 | |a The twelve-linked chain of dependent origination. An overview -- The first three links -- The remaining nine links -- Dual dependent origination -- Dependent origination and fate -- Dependent origination and karmic rewards -- Inexhaustible interrelations. | |
| 505 | 0 | |a The pathway to faith. The gateway to faith -- Mistaken theories of causation. | |
| 505 | 0 | |a The religious spirit. Awakening -- Development -- The four indestructible objects of faith -- The triple doctrine and the four indestructible objects of faith. | |
| 505 | 0 | |a The four noble truths. The meaning of the four noble truths -- Setting the wheel of law in motion -- Suffering -- Judging impermanence correctly -- The cause of suffering -- Freedom from suffering -- The way to eliminate suffering. | |
| 505 | 0 | |a The eightfold path. Right views, right thought -- Right speech, right action, right livelihood -- Right effort, right mindfulness, right meditation -- Other views of the path. | |
| 505 | 0 | |a The threefold learning. Precepts -- Precepts in Mahayana Buddhism -- Fundamentals of meditation -- Other dhyana -- Meditation before Buddhism -- Shakyamuni and meditation -- Buddhist meditation -- Wisdom -- Buddhist ideals. | |
| 520 | |a One of the world's oldest and greatest religions, Buddhism -- like its companions, Christianity and Islam -- has experienced schism and division which scatter its teachings among separate sects, nations and sets of ritual practice. Nonetheless, it is possible to identify common teachings which form the essence of Buddhist belief. This book provides lucid explanations of such fundamental concepts as the Three Treasures, the seals of the law, the Four Noble Truths, the Eightfold Path, the law of causation, and the threefold learning -- teachings that all Buddhists honor, which bare the heart of this complicated and magnificently profound religion. | ||
| 650 | 0 | |a Buddhism |x Doctrines. | |
| 650 | 6 | |a Bouddhisme |x Doctrines. | |
| 650 | 7 | |a Buddhism |x Doctrines. |2 fast |0 (OCoLC)fst00840040 | |
| 650 | 7 | |a Buddhismus |2 gnd | |
| 650 | 7 | |a Einführung |2 gnd | |
| 650 | 7 | |a Buddhism. |2 nli | |
| 655 | 4 | |a Nonfiction. | |
| 700 | 1 | |a Terry, Charles S., |e translator. | |
| 700 | 1 | |a Gage, Richard L., |e translator. | |
| 758 | |i has work: |a Bukkyō to wa Nanika (Text) |1 https://id.oclc.org/worldcat/entity/E39PCH6hcF4XphymjRTRMbww83 |4 https://id.oclc.org/worldcat/ontology/hasWork | ||
| 776 | 0 | 8 | |i Online version: |a Mizuno, Kōgen, 1901- |s Bukkyō to wa nani ka. English. |t Basic Buddhist concepts. |b 1st English ed. |d Tokyo : Kosei Pub. Co., 1987 |w (OCoLC)646945942 |
| 856 | 4 | 2 | |3 Contributor biographical information |u http://catdir.loc.gov/catdir/enhancements/fy0828/87670046-b.html |t 0 |
| 856 | 4 | 2 | |3 Publisher description |u http://catdir.loc.gov/catdir/enhancements/fy1004/87670046-d.html |t 0 |
| 880 | 1 | |6 700-00 |a 水野, 弘元, |d 1901-2006. | |
| 938 | |a Baker & Taylor |b BKTY |c 11.95 |d 8.96 |i 4333012031 |n 0001255717 |s active | ||
| 938 | |a Brodart |b BROD |n 38957892 |c $11.95 | ||
| 938 | |a Baker and Taylor |b BTCP |n 87670046 | ||
| 938 | |a YBP Library Services |b YANK |n 1369702 | ||
| 948 | |h HELD BY TXA - 240 OTHER HOLDINGS | ||
| 994 | |a Z0 |b TXA | ||
| 999 | f | f | |s 7b28de4a-2bf3-3713-8269-8fabf7931a51 |i 7c7fac6e-9aea-3786-90e9-1d7596fd4110 |t 0 |
| 952 | f | f | |p ric |a Texas A&M University |b Rellis Campus |c Joint Library Facility |d Remote Storage |t 0 |e BQ4136 .M613 1987 |h Library of Congress classification |i unmediated -- volume |m A14811091100 |
| 998 | f | f | |a BQ4136 .M613 1987 |t 0 |l Remote Storage |